Equatorial Guinea by Picture - Statistics

General Stats
  • This quiz has been taken 14 times
  • The average score is 5 of 12
Answer Stats
Picture Hint Answer % Correct
colonizing power pre-1968 Spain
82%
island Bioko
64%
most valuable resource Oil
64%
city Bata
55%
planned future capital Ciudad de la {Paz}
36%
tallest mountain Pico {Basilé}
36%
mainland section Río {Muni}
36%
cathedral Santa {Isabel}
36%
president since 1979 Teodoro {Obiang} Nguema
36%
province Wele-{Nzas}
36%
isolated island Annobón
27%
largest tribe Fang
27%
No matching quizzes found
Score Distribution
Percent of People with Each Score
Percentile by Number Answered
Your Score History
You have not taken this quiz